000 00664nam a22002297a 4500
003 OSt
005 20251122122644.0
008 251121b |||||||| |||| 00| 0 eng d
020 _a9781975121518
020 _a9781482230291
040 _cNLM
082 _aWS200 F631m 2019
100 _a Editors Mcqueenns,Anthony; Chambalain, James
_919526
245 _aFleisher & Ludwig's Textbook of Pediatric Emergency Medicine
250 _aAsian ed.
260 _aBoca Raton; CRC Press, 2019
300 _axviii,435p.; Ill: 26cm
504 _aAnswers, & Index Included
650 _aPediatric medicine
_919527
650 _aPediatrics
_93353
942 _2z
_cO_SHELF
999 _c9595
_d9595